InBiznis časopis nielen pre podnikateľov

Uložené v:
Podrobná bibliografia
Médium: Seriál
Jazyk:Slovak
Vydavateľské údaje: Bratislava Slovak Business Agency 2021
Predmet:
Tagy: Pridať tag
Žiadne tagy, Buďte prvý, kto otaguje tento záznam!

MARC

LEADER 00000nas2a2200000 4500
001 0303759
005 20240821143651.7
022 |a 2644-562x 
041 0 |a slo 
044 |a SK 
245 1 0 |a InBiznis  |b časopis nielen pre podnikateľov 
264 1 |a Bratislava  |b Slovak Business Agency  |c 2021 
500 |a chýba č. 1-2 
773 0 |w eu_un_cat*0296743 
610 2 0 |a prostredie podnikateľské 
610 2 0 |a zdroje ľudské 
610 2 0 |a podnikatelia 
610 2 0 |a podnikanie 
610 2 0 |a riadenie 
610 2 0 |a konkurencieschopnosť 
610 2 0 |a Slovensko